[Event "Vlissingen HZ op 13th"]
[Site "Vlissingen"]
[Date "2009.08.06"]
[Round "7"]
[White "Meenu, Rajendran"]
[Black "In't Veld, Daan"]
[Result "0-1"]
[WhiteElo "2003"]
[BlackElo "2173"]
[PlyCount "104"]
[EventDate "2009.08.01"]
[EventType "swiss"]
[EventRounds "9"]
[EventCountry "NED"]
[SourceTitle "CBM 131 Extra"]
[Source "ChessBase"]
[SourceDate "2009.09.03"]
[SourceVersion "2"]
[SourceVersionDate "2009.09.16"]
[SourceQuality "1"]

1. e4 c5 2. Nc3 e6 3. f4 Nc6 4. Nf3 d5 5. Bb5 Nge7 6. d3 a6 7. Bxc6+ Nxc6 8. 0-0 Be7 9. Kh1 0-0 10. Qe1 b5 11. Ne5 Nd4 12. Qf2 b4 13. Nd1 Bb7 14. c3 Nc6 15. Nf3 dxe4 16. dxe4 Na5 17. Qe2 Qd7 18. Ne5 Qa4 19. Nf2 b3 20. a3 f6 21. Nf3 Rfd8 22. e5 f5 23. Be3 Bc6 24. Rfd1 Bb5 25. Qe1 Nc4 26. Rxd8+ Rxd8 27. Rb1 Rd7 28. h3 Bc6 29. Qe2 Qb5 30. Re1 Bd5 31. Kh2 Rb7 32. Ra1 Nxa3 33. Qxb5 Nxb5 34. Rxa6 Nxc3 35. Nd2 Nb5 36. Ra8+ Kf7 37. Rc8 Nc7 38. Nd1 Na6 39. Ra8 Nc7 40. Rc8 Na6 41. Ra8 Nb4 42. Ra5 Nd3 43. Ra4 Rb4 44. Rxb4 Nxb4 45. Nb1 Be4 46. Nbc3 Bc2 47. Kg3 Nd5 48. Bd2 Ke8 49. Ne3 Nb4 50. Ncd1 Nd3 51. Kf3 Kd7 52. g3 Kc6 0-1

[Event "Vlissingen HZ op 13th"]
[Site "Vlissingen"]
[Date "2009.08.03"]
[Round "4"]
[White "Plachkinova, Tatjana Georgieva"]
[Black "Meenu, Rajendran"]
[Result "1/2-1/2"]
[WhiteElo "2169"]
[BlackElo "2003"]
[PlyCount "42"]
[EventDate "2009.08.01"]
[EventType "swiss"]
[EventRounds "9"]
[EventCountry "NED"]
[SourceTitle "CBM 131 Extra"]
[Source "ChessBase"]
[SourceDate "2009.09.03"]
[SourceVersion "2"]
[SourceVersionDate "2009.09.16"]
[SourceQuality "1"]

1. d4 Nf6 2. c4 e6 3. Nf3 b6 4. Nc3 Bb7 5. Bg5 h6 6. Bh4 Be7 7. e3 0-0 8. Bd3 c5 9. 0-0 cxd4 10. Nxd4 d5 11. cxd5 Nxd5 12. Bxe7 Qxe7 13. Rc1 Nb4 14. Bb1 N8c6 15. a3 Nxd4 16. Qxd4 Nd5 17. Nxd5 Bxd5 18. Qd3 g6 19. e4 Bb7 20. Qe3 Kg7 21. Qg3 Rac8 1/2-1/2

[Event "Asia-ch U20 Girls"]
[Site "Chennai"]
[Date "2008.12.13"]
[Round "8"]
[White "Meenu, Rajendran"]
[Black "Mohana, Priya J"]
[Result "1/2-1/2"]
[WhiteElo "1977"]
[BlackElo "2073"]
[PlyCount "62"]
[EventDate "2008.12.05"]
[EventType "swiss"]
[EventRounds "9"]
[EventCountry "IND"]
[SourceTitle "CBM 127 Extra"]
[Source "ChessBase"]
[SourceDate "2009.01.08"]
[SourceVersion "2"]
[SourceVersionDate "2009.01.28"]
[SourceQuality "1"]

1. e4 e5 2. Nf3 Nc6 3. Bc4 Bc5 4. c3 Nf6 5. d3 d6 6. 0-0 0-0 7. Bg5 Be6 8. Nbd2 a6 9. Re1 h6 10. Bh4 Re8 11. Bb3 g5 12. Bg3 Nh7 13. Nc4 h5 14. h4 Bg4 15. Ncd2 Qf6 16. Kh1 gxh4 17. Bxh4 Qg6 18. Nf1 Kh8 19. Ne3 Bxe3 20. fxe3 f5 21. exf5 Qxf5 22. e4 Qf4 23. Qd2 Bxf3 24. Qxf4 Bxg2+ 25. Kxg2 exf4 26. d4 Rf8 27. Kf3 Rae8 28. Rh1 Kg7 29. Rag1+ Kh6 30. Rg2 Ne7 31. Rhg1 Nf6 1/2-1/2

[Event "Asia-ch U20 Girls"]
[Site "Chennai"]
[Date "2008.12.12"]
[Round "7"]
[White "Meenu, Rajendran"]
[Black "Harini, S."]
[Result "0-1"]
[WhiteElo "1977"]
[BlackElo "2001"]
[PlyCount "90"]
[EventDate "2008.12.05"]
[EventType "swiss"]
[EventRounds "9"]
[EventCountry "IND"]
[SourceTitle "CBM 127 Extra"]
[Source "ChessBase"]
[SourceDate "2009.01.08"]
[SourceVersion "2"]
[SourceVersionDate "2009.01.28"]
[SourceQuality "1"]

1. e4 c5 2. Nc3 Nc6 3. f4 e6 4. Nf3 a6 5. a4 Nf6 6. e5 Nd5 7. Nxd5 exd5 8. Be2 Be7 9. 0-0 0-0 10. d4 d6 11. c3 cxd4 12. cxd4 Qb6 13. Kh1 Bf5 14. Bd3 Be4 15. exd6 Bxd6 16. Bxe4 dxe4 17. Ng5 Rae8 18. Be3 Nb4 19. Qb3 Qa5 20. Bd2 Qd5 21. Qxd5 Nxd5 22. Rae1 e3 23. Bc1 e2 24. Rf2 Bb4 25. Rexe2 Rxe2 26. Rxe2 Rc8 27. g3 Rxc1+ 28. Kg2 g6 29. Kf3 h6 30. Ne4 Rc4 31. Nc5 Bxc5 32. dxc5 Rxc5 33. Ke4 Nf6+ 34. Kd4 Rc7 35. b3 Kf8 36. a5 Re7 37. Rb2 Ke8 38. Kc5 Kd7 39. Kb6 Kd6 40. Rd2+ Nd5+ 41. Ka7 Kc6 42. Rd4 b6+ 43. Ka8 bxa5 44. Rc4+ Kb6 45. Rc8 Ra7+ 0-1

[Event "Wch U20 Girls 22nd"]
[Site "Cochin"]
[Date "2004.11.29"]
[Round "12"]
[White "Brekke, Jorunn Marie"]
[Black "Meenu, Rajendran"]
[Result "0-1"]
[WhiteElo "1988"]
[BlackElo "1979"]
[PlyCount "118"]
[EventDate "2004.11.20"]
[EventType "swiss"]
[EventRounds "13"]
[EventCountry "IND"]
[SourceTitle "CBM 103 Extra"]
[Source "ChessBase"]
[SourceDate "2005.01.01"]
[SourceVersion "1"]
[SourceVersionDate "2005.01.01"]
[SourceQuality "1"]

1. d4 Nf6 2. Bg5 e6 3. Nf3 d5 4. e3 Be7 5. Bd3 h6 6. Bh4 0-0 7. 0-0 c5 8. c4 Nbd7 9. Nc3 b6 10. cxd5 Nxd5 11. Bxe7 Qxe7 12. Nxd5 exd5 13. dxc5 bxc5 14. Rc1 Bb7 15. Qe2 Qd6 16. Rfd1 Qb6 17. Bb1 Nf6 18. Rc3 Rfd8 19. Rb3 Qc6 20. Qb5 Rab8 21. Qxc6 Bxc6 22. Rxb8 Rxb8 23. Ne5 Be8 24. Rd2 a5 25. Nd3 c4 26. Nf4 c3 27. Re2 g5 28. Nd3 Ne4 29. b3 Nd2 30. Re1 Nxb1 31. Rxb1 a4 32. b4 Bb5 33. Nc5 Bc4 34. Nxa4 c2 35. Rc1 Rxb4 36. Nc3 Rb2 37. g3 Bxa2 38. Nxa2 Rxa2 39. Kg2 Kf8 40. Kf3 Ke7 41. Ke2 Ke6 42. Kd3 Ke5 43. f4+ gxf4 44. gxf4+ Kf5 45. Kd4 Kg4 46. e4 dxe4 47. Kxe4 Kh3 48. f5 Kxh2 49. Kf3 h5 50. Kf2 Ra5 51. Rxc2 Rxf5+ 52. Ke3+ Kg3 53. Rc8 h4 54. Rg8+ Kh2 55. Rh8 h3 56. Ke2 f6 57. Rh4 Kg3 58. Rh8 h2 59. Rg8+ Rg5 0-1

[Event "Wch U20 Girls 22nd"]
[Site "Cochin"]
[Date "2004.11.27"]
[Round "11"]
[White "Meenu, Rajendran"]
[Black "Iswarya, Shobhana L"]
[Result "0-1"]
[WhiteElo "1979"]
[BlackElo "2082"]
[PlyCount "74"]
[EventDate "2004.11.20"]
[EventType "swiss"]
[EventRounds "13"]
[EventCountry "IND"]
[SourceTitle "CBM 103 Extra"]
[Source "ChessBase"]
[SourceDate "2005.01.01"]
[SourceVersion "1"]
[SourceVersionDate "2005.01.01"]
[SourceQuality "1"]

1. e4 c5 2. Nc3 a6 3. f4 Nc6 4. Nf3 g6 5. a4 Bg7 6. Bc4 e6 7. 0-0 Nge7 8. d3 d5 9. Ba2 0-0 10. Kh1 Kh8 11. Qe1 Nb4 12. Bb1 Kg8 13. Ne2 b6 14. c3 dxe4 15. dxe4 Nd3 16. Bxd3 Qxd3 17. Ng3 Bb7 18. Ne5 Qd6 19. Nf3 f5 20. e5 Qc6 21. Qe2 Rfd8 22. a5 b5 23. Be3 Nd5 24. Qf2 Bf8 25. Rac1 Rac8 26. c4 Nb4 27. cxb5 Qxb5 28. Qe2 Qxa5 29. Rfd1 Nd5 30. Qe1 Qb6 31. Rb1 Nxe3 32. Rxd8 Rxd8 33. Qxe3 Qb5 34. Qe2 Qb4 35. h3 Qxf4 36. Nf1 Bg7 37. N1d2 Bxe5 0-1

[Event "Wch U20 Girls 22nd"]
[Site "Cochin"]
[Date "2004.11.24"]
[Round "8"]
[White "Sandhya, N."]
[Black "Meenu, Rajendran"]
[Result "1/2-1/2"]
[WhiteElo "2113"]
[BlackElo "1979"]
[PlyCount "112"]
[EventDate "2004.11.20"]
[EventType "swiss"]
[EventRounds "13"]
[EventCountry "IND"]
[SourceTitle "CBM 103 Extra"]
[Source "ChessBase"]
[SourceDate "2005.01.01"]
[SourceVersion "1"]
[SourceVersionDate "2005.01.01"]
[SourceQuality "1"]

1. e4 e5 2. Nf3 Nc6 3. Bb5 a6 4. Ba4 Nf6 5. 0-0 Be7 6. Re1 b5 7. Bb3 d6 8. c3 0-0 9. h3 Be6 10. Bc2 d5 11. exd5 Nxd5 12. Qe2 Bf6 13. a4 g6 14. axb5 Nf4 15. Qf1 axb5 16. Rxa8 Qxa8 17. Be4 Bf5 18. d3 Bxe4 19. dxe4 Qa4 20. Bxf4 exf4 21. e5 Be7 22. e6 fxe6 23. Rxe6 Bd6 24. Qd3 Kg7 25. Na3 b4 26. cxb4 Qxb4 27. Nc4 Rd8 28. Qe4 Qc5 29. b4 Qb5 30. Nh4 Ra8 31. Na5 Qxb4 32. Nxc6 Ra1+ 33. Kh2 f3+ 34. g3 Qc3 35. Qd4+ Qxd4 36. Nxd4 Rf1 37. Nhxf3 Rxf2+ 38. Kg1 Bxg3 39. Rc6 Ra2 40. Ne6+ Kh6 41. Nxc7 Bxc7 42. Rxc7 Re2 43. Rd7 Ra2 44. Rd1 Kh5 45. Rd5+ Kh6 46. Nd2 Kg7 47. Kg2 Kf6 48. Kg3 Ra3+ 49. Nf3 h6 50. Rd6+ Kf5 51. Rd5+ Kf6 52. Kf4 Ra4+ 53. Rd4 Ra6 54. Re4 Rb6 55. Ne5 Rb3 56. Ng4+ Kf7 1/2-1/2

[Event "Wch U20 Girls 22nd"]
[Site "Cochin"]
[Date "2004.11.21"]
[Round "4"]
[White "Aketayeva, Dana"]
[Black "Meenu, Rajendran"]
[Result "1-0"]
[WhiteElo "2223"]
[BlackElo "1979"]
[PlyCount "89"]
[EventDate "2004.11.20"]
[EventType "swiss"]
[EventRounds "13"]
[EventCountry "IND"]
[SourceTitle "CBM 103 Extra"]
[Source "ChessBase"]
[SourceDate "2005.01.01"]
[SourceVersion "1"]
[SourceVersionDate "2005.01.01"]
[SourceQuality "1"]

1. e4 Nc6 2. Nf3 e5 3. Bb5 a6 4. Ba4 Nf6 5. Bxc6 dxc6 6. d3 Nd7 7. Nbd2 Bc5 8. 0-0 0-0 9. Nc4 f6 10. Be3 Bxe3 11. fxe3 Qe8 12. Nh4 b5 13. Nd2 Nb6 14. Rf2 Be6 15. Qf3 Kh8 16. Nf1 g5 17. Nf5 Bxf5 18. Qxf5 Qd7 19. Qf3 c5 20. Ng3 Qe6 21. Nh5 Nd7 22. Raf1 Rf7 23. b3 Rg8 24. Qf5 Qxf5 25. Rxf5 Rgf8 26. Kf2 h6 27. Ke2 Kh7 28. c3 Kg6 29. g4 Re8 30. R5f3 a5 31. Ng3 Nb6 32. Kd2 c4 33. bxc4 bxc4 34. d4 Rd8 35. Kc2 Na4 36. dxe5 Re8 37. Rxf6+ Rxf6 38. exf6 Kf7 39. Nf5 Rxe4 40. Nxh6+ Kf8 41. Rd1 Re8 42. Rd7 Rb8 43. Rf7+ Ke8 44. Rxc7 Nb6 45. Rh7 1-0

[Event "Wch U20 Girls 22nd"]
[Site "Cochin"]
[Date "2004.11.20"]
[Round "1"]
[White "Meenu, Rajendran"]
[Black "Perez Rodriguez, Jennifer"]
[Result "1-0"]
[WhiteElo "1979"]
[BlackElo "2162"]
[PlyCount "77"]
[EventDate "2004.11.20"]
[EventType "swiss"]
[EventRounds "13"]
[EventCountry "IND"]
[SourceTitle "CBM 103 Extra"]
[Source "ChessBase"]
[SourceDate "2005.01.01"]
[SourceVersion "1"]
[SourceVersionDate "2005.01.01"]
[SourceQuality "1"]

1. e4 e5 2. Nf3 Nc6 3. Bc4 Nf6 4. d3 Be7 5. Nc3 0-0 6. 0-0 d6 7. h3 Na5 8. Bb3 Nxb3 9. axb3 c5 10. Qe2 h6 11. Nh2 g5 12. Ng4 Nxg4 13. hxg4 Be6 14. Kh2 Qd7 15. f3 Kg7 16. Rh1 Rh8 17. Kg1 Rh7 18. Be3 Rah8 19. Qf2 h5 20. gxh5 Rxh5 21. Rxh5 Rxh5 22. Rxa7 Qc8 23. Nd5 Qh8 24. Qg3 Bd8 25. Ra8 g4 26. Ne7 Kf6 27. Nd5+ Bxd5 28. exd5 gxf3 29. Qxf3+ Ke7 30. Qg3 Rh1+ 31. Kf2 Qf6+ 32. Ke2 Rh5 33. Rb8 Kd7 34. Rxb7+ Kc8 35. Ra7 Kb8 36. Rd7 Kc8 37. Qg4 Rf5 38. Ra7 Kb8 39. Qa4 1-0

[Event "World ol U16 04th"]
[Site "Calicut"]
[Date "2004.07.??"]
[Round "6"]
[White "Meenu, Rajendran"]
[Black "Karthikeyan, Pandian"]
[Result "0-1"]
[WhiteElo "1967"]
[BlackElo "2089"]
[PlyCount "55"]
[EventDate "2004.07.01"]
[EventType "team-swiss"]
[EventRounds "9"]
[EventCountry "IND"]
[SourceTitle "EXT 2014"]
[Source "ChessBase"]
[SourceDate "2013.11.20"]
[SourceVersion "1"]
[SourceVersionDate "2013.11.20"]
[SourceQuality "1"]

1. e4 Nc6 2. d4 e5 3. d5 Nce7 4. Nf3 Ng6 5. Nc3 Nf6 6. Bd3 Bc5 7. 0-0 a6 8. Ne2 d6 9. Ng3 0-0 10. Bd2 Bg4 11. h3 Bd7 12. Qc1 Rc8 13. Bg5 h6 14. Bxh6 gxh6 15. Qxh6 Re8 16. Nf5 Bxf5 17. exf5 Nf8 18. g4 e4 19. g5 N8h7 20. Kh2 exf3 21. Rg1 Kh8 22. g6 fxg6 23. fxg6 Re7 24. gxh7 Nxh7 25. Rac1 Bd4 26. Rg5 Be5+ 27. Rxe5 dxe5 28. Qd6 0-1